LEADER 01213nam a2200265 i 4500 001 991000172979707536 005 20020509163018.0 008 951020s1990 fr ||| | fre 035 $ab11321015-39ule_inst 035 $aPARLA203345$9ExL 040 $aDip.to Filol. Class. e Med.$bita 082 0 $a186 111 2 $aColloque internationale sur le scepticisme antique <1988>$0525325 245 13$aLe scepticisme antique :$bperspectives historiques et systématiques :$bActes du Colloque international sur le scepticisme antique :$bUniversité de Lausanne, 1-3 juin 1988 /$cedités par André-Jean Voelke 260 $aGenève [etc.] :$b[s.n.],$c1990 300 $a215 p. ;$c23 cm. 490 0 $aCahiers de la Revue de Théologie et de Philosophie ;$v15 650 4$aFilosofia$zGrecia antica - Scetticismo 700 1 $aVoelke, André-Jean$eauthor$4http://id.loc.gov/vocabulary/relators/aut$0486201 907 $a.b11321015$b01-03-17$c01-07-02 912 $a991000172979707536 945 $aLE007 S 8635$g1$i2007000026618$lle007$o-$pE0.00$q-$rl$s- $t0$u0$v0$w0$x0$y.i11491930$z01-07-02 996 $aScepticisme antique$91450958 997 $aUNISALENTO 998 $ale007$b01-01-95$cm$da $e-$ffre$gfr $h3$i1